1990s TV Series Characters - Statistics

General Stats
  • This quiz has been taken 175 times
    145 since last reset
  • The average score is 13 of 25
Answer Stats
Hint Answer % Correct
Will Smith The Fresh Prince of Bel-Air
86%
Buffy Summers Buffy the Vampire Slayer
84%
Monica Geller Friends
78%
Dr. Frasier Crane Frasier
77%
Sabrina Spellman Sabrina the Teenage Witch
75%
Fox Mulder The X Files
72%
Dawson Leery Dawson's Creek
69%
Fran Fine The Nanny
66%
George Costanza Seinfeld
62%
Danny Tanner Full House
57%
Brandon Walsh Beverly Hills 90210
53%
Ray Barone Everybody Loves Raymond
53%
Michael Kelso That '70s Show
50%
Felicity Porter Felicity
49%
Laura Palmer Twin Peaks
49%
Will Truman Will and Grace
49%
Mitch Buchannon Baywatch
40%
Dick Solomon 3rd Rock from the Sun
37%
Phoebe Halliwell Charmed
35%
Doug Ross ER
33%
Amanda Woodard Melrose Place
22%
Richard Fish Ally McBeal
19%
Angela Chase My So-Called Life
18%
Nick Slaughter Tropical Heat
18%
Seymour Birkoff La Femme Nikita
13%
No matching quizzes found
Score Distribution
Percent of People with Each Score
Percentile by Number Answered
Your Score History
You have not taken this quiz since the last reset